| 000 | 00872nas a2200265 4500 | ||
|---|---|---|---|
| 001 | BR9206524 | ||
| 003 | BR-BrBNA | ||
| 005 | 20231205092931.0 | ||
| 007 | ta | ||
| 008 | 230509b bl.|||p| |||| 00| 00por d | ||
| 040 |
_aBR-BrBNA _bpor _cBiblioteca Nacional de Agricultura |
||
| 041 | _a(Pt) | ||
| 072 | _aL53; L02 | ||
| 100 | 1 | _aReis, S.R. | |
| 100 | 1 | _aFerreira, P.R.C. | |
| 100 | 1 | _aRibeiro, H.M. | |
| 245 | 1 | _aCausas de variacao de peso ao nascer de bezerros puros e de diferentes graus de sangue das racas chianina e nelore | |
| 650 | _aGADO NELORE | ||
| 650 | _aGADO CHIANINO | ||
| 650 | _aPARTO | ||
| 650 | _aGANHO DE PESO | ||
| 773 | 0 |
_tArquivos da Escola de Veterinaria da Universidade Federal de Minas Gerais (Brazil) _xISSN 0365-8384 _g(Dec 1979), v. 31(3) p. 397-401 _wBR9206524 |
|
| 909 |
_a202311 _bLúcia _c55 _dLúcia Elande |
||
| 942 |
_2AGRIS _n0 _cANA |
||
| 999 |
_c135209 _d135209 |
||